| 000 | 00803 a2200217 4500 | ||
|---|---|---|---|
| 005 | 20080908144337.0 | ||
| 008 | 080908t xxu||||| |||| 00| 0 eng d | ||
| 010 | _aENG-87646 | ||
| 020 |
_a0071466711 _c299.00 |
||
| 035 | _aEN-71179 | ||
| 037 | _bDBAD / PUB | ||
| 082 | _a658.8708 | ||
| 100 | _aSugars, Bradley J. | ||
| 245 |
_aSuccessful franchising _cBradley J. Sugars. |
||
| 260 |
_aNew Delhi _bTata McGraw-Hill Publishing _c2007 |
||
| 300 |
_axxvii, 123 p. _bill. ; _c23 cm. |
||
| 490 | _aInstant success series | ||
| 650 | _aFranchises (Retail trade) | ||
| 942 |
_adpl _cEN _k658.8708 / SUG _2ddc _h658.8708 _mSUG |
||
| 999 |
_c6782 _d6782 |
||